| 000 | 01536cam a2200409 | 4500 | ||
|---|---|---|---|
| 999 |
_c3722 _d3722 |
||
| 001 | 233873 | ||
| 003 | ALUPE UNIVERSITY | ||
| 005 | 20220203071126.0 | ||
| 008 | 052479s1979 mdu b 0 eng l | ||
| 010 | _a 78020314 | ||
| 020 | _z08391135001 | ||
| 035 | _aocm04495487 | ||
| 040 |
_aDLC _beng _cALUPE UNIVERSITY |
||
| 041 | 1 | _aengger | |
| 049 | _aaeu | ||
| 050 | 0 |
_aRF 514 _bK645 1979 |
|
| 090 | 0 | 0 |
_aRF 514 K64E5 1979 _bAEU |
| 100 | 1 |
_aKleinsasser, O. _q(Oskar) |
|
| 240 | 1 | 0 |
_aMikrolaryngoscopie und endolaryngeale Mikrochirurgie. _lEnglish |
| 245 | 1 | 0 |
_aMicrolaryngoscopy and endolaryngeal microsurgery : _btechnique and typical findings / _cby O. Kleinsasser; translated by P. M. Stell; with a foreword by Charles M. Norris. |
| 250 | _a2d completely rev. ed. | ||
| 260 |
_aBaltimore : _bUniversity Park Press, _c1979. |
||
| 300 |
_axi, 180 p. : _bill. ; _c25 cm. |
||
| 336 |
_atext _btxt _2rdacontent |
||
| 337 |
_aunmediated _bn _2rdamedia |
||
| 338 |
_avolume _bnc _2rdacarrier |
||
| 500 | _aTranslation of Mikrolaryngoscopie und endolaryngeale Mikrochirurgie. | ||
| 500 | _aIncludes index. | ||
| 504 | _aBibliography: p. 167-177. | ||
| 583 | 1 |
_acommitted to retain _c20170930 _d20421231 _fHathiTrust _uhttps://www.hathitrust.org/shared_print_program _5AEU _zHathiTrust Shared Print commitment 2017 |
|
| 650 | 0 | _aLaryngoscopes. | |
| 650 | 0 |
_aLarynx _xSurgery. |
|
| 650 | 0 | _aMicrosurgery. | |
| 650 | 0 | _aLaryngoscopy. | |
| 740 | 0 | _aMikrolaryngoscopie und endolaryngeale Mikrochirurgie. | |
| 942 |
_2lcc _cBK _nBA |
||